000 00721nam a2200217Ii 4500
003 JO-AjNU
008 230605s9999||||xx |||||||||||||| ||und||
040 _aJO-AjNU
_bara
_erda
_cJO-AjNU
041 _aara
050 1 4 _aQ125.G4242 1986
100 3 _aغصيب، هشام,
_eauthor
_910474
245 0 0 _aالمغزى الحضاري التاريخي للعلم
250 _aط1
264 3 1 _aعمان: الجمعية العلمية الملكية، 1986
300 _a128ص
336 _atext
_btxt
_2rdacontent
337 _aunmediated
_bn
_2rdamedia
338 _avolume
_bnc
_2rdacarrier
490 0 _aجولات في الفكر العلمي2
650 4 _aعلوم - تاريخ- الحضارة - تاريخ
_910475
999 _aA1824
_c5392
_d5392